00321nam a2200121Ia 4500008004100000041000800041082001400049100001500063245004500078260004100123300002400164365001100188240624s9999 xx 000 0 und d aeng a158.1 SEC aSECUNDA AL a15 SECOND PRINCIPLE SHORT SIMPLE STEPS T c2006aMumbaibJaico Publishing House a219 : p. : cm. ; 21 cRSb30